Geography Quiz

Random Geography or World Quiz

World Cities: Democratic Republic of the Congo Quiz Stats

 Plays Quiz not verified by Sporcle

Score 0/10 Timer 01:00
0 Plays Today
% Correct
Kinshasa
85%
Mbuji-Mayi
61.7%
Mbandaka
61.7%
Goma
60%
Matadi
60%
Kisangani
55%
Lubumbashi
51.7%
Bukavu
51.7%
Kananga
50%
Kolwezi
45%

You're not logged in!

Compare scores with friends on all Sporcle quizzes.
OR
Log In

Show Comments

Extras

Top Quizzes Today


Score Distribution

Your Account Isn't Verified!

In order to create a playlist on Sporcle, you need to verify the email address you used during registration. Go to your Sporcle Settings to finish the process.

Report this User

Report this user for behavior that violates our Community Guidelines.

Details: